|
|
|
|
| LEADER |
00000cam a2200000 7i4500 |
| 001 |
0000001376 |
| 005 |
20240924.0 |
| 008 |
991112 enk a eng |
| 040 |
|
|
|a INS
|b eng
|e rda
|
| 090 |
0 |
0 |
|a HD596
|b .R36 1978
|
| 100 |
1 |
|
|a Ratcliffe, John ,
|e author
|
| 245 |
1 |
3 |
|a An introduction to urban land administration
|c John Ratcliffe
|
| 264 |
|
1 |
|a London :
|b Estates Gazette Ltd
|c c1978
|
| 300 |
|
|
|a xi, 347 pages :
|b illustrations, maps, plans ;
|c 22 cm.
|
| 336 |
|
|
|a text
|2 rdacontent
|
| 337 |
|
|
|a unmediated
|2 rdamedia
|
| 338 |
|
|
|a volume
|2 rdacarrier
|
| 504 |
|
|
|a Includes bibliographical references and index
|
| 650 |
|
0 |
|a Land use, Urban
|z Great Britain
|
| 650 |
|
0 |
|a Real estate investment
|z Great Britain
|
| 999 |
|
|
|a 0000000271
|b BOOK
|c Open Shelf
|e Default branch
|
| 999 |
|
|
|a 0000000355
|b BOOK
|c Open Shelf
|e Default branch
|
| 999 |
|
|
|a 0000022450
|b BOOK
|c Open Shelf
|e Default branch
|